Регионална библиотека "Любен Каравелов" - Русе

Давид Рикардо и Карл Маркс в техните обществено-економически изследвания (Запис номер 355287)

MARC детайли
000 -Лидер
Контролно поле с фиксирана дължина 01557nam a2200289 a 4500
003 - Код на организацията, давaща контролен номер
Контролно поле BLK
005 - Дата и час на последна редакция
Контролно поле 20250123102518.0
008 - Елементи от данни с фиксирана дължина
fixed length control field 200416b bu ||||| |||| 00| 0 bu d
040 ## - Източник на каталожния запис
Идентификатор на билиотеката - собственик на записа BLK
041 ## - Код за език
Код за езика на текст/звукозапис или на отделно заглавие Български
Код за езика КДБФ Български
080 ## - УДК
Текстов определител УДК Икономически теории. Икономически учения и школи
УДК код - определител по УДК 330.8
УДК - код + определител 330.8
100 ## - Редна дума - Автор
Автор Зибер, Николай Иванович
Авторска отговорност първи автор
R(LIN) 1299
139 ## - Редно поле
Редна дума Зибер, Николай Иванович
Авторски знак Зи - З 59
245 ## - Сведения за заглавието
Заглавие Давид Рикардо и Карл Маркс в техните обществено-економически изследвания
Подзаглавни данни Опит за крит. екон. изследване : Гл. Х и ХI - Машините и едрата промишленост и Разбор на теорията за машинното производство
Редно поле (дума) Николай Иванович Зибер ; Прев. от рус. Д. Каранешев, Е. Марковски
260 ## - Област на издателските данни
Място на издаване, разпространение и проч. Русе
Година на издаване 1896
Печатница скоропеч. Ст. Ив. Роглев
300 ## - Физическа характеристика
Страници 112 с.
Илюстрации и др. 25 см
380 ## - Жанр
Жанр Обществени науки
600 #0 - Име на лице, използвано като предмет
9 (RLIN) 365572
За него / За нея Маркс, Карл
600 #0 - Име на лице, използвано като предмет
9 (RLIN) 405259
За него / За нея Рикардо, Давид
650 #0 - Допълнително описание по предмет – тема
9 (RLIN) 252309
Основно описание – тема или топоним Икономически теории
700 ## - Други автори (авторска отговорност)
9 (RLIN) 1121
Лично име Каранешев, Димитър Г.
Автороска отговорност (Описва отношението между автора и произведението) прев. от рус.
700 ## - Други автори (авторска отговорност)
9 (RLIN) 1121
Лично име Марковски, Еньо Жеков
Автороска отговорност (Описва отношението между автора и произведението) прев. от рус.
852 ## - Местоположение
Форматна сигнатура К 33/З-59
999 ## - СИСТЕМНИ КОНТРОЛНИ НОМЕРА
Koha biblionumber 355287
Koha biblioitemnumber 355287
942 ## - АРТИКУЛИ
Вид на библиотечния материал Книги
Скрит в OPAC Не
Периодичен библиозапис Да
Koha issues (borrowed), all copies 1
944 ## - СЪЗДАВАНЕ И РЕДАКЦИЯ на ЗАПИСА
Дата на регистрацията/редакция 2020-04-16
Служител, извършил регистрацията/редакцията 30558
Статус, дата на статуса Валя Йорданова
999 ## - СИСТЕМНИ КОНТРОЛНИ НОМЕРА
Koha biblioitemnumber 355287
Наличности
Код за отписване Код за изгубен артикул Източник на класификационната схема Код за повреда Коз за рестрикции Код за отдаване Артикулен № Име на библиотеката - собственик Име на библиотеката, в която се намира в момента Статус (Текущо местоположение) Дата на вписване в системата Местоположение - отдел Цена в лева Инвентарен номер Систематично азбучна сигнатура Баркод Цена в евро Служебен тип на артикула
  Не е изгубен Universal Decimal Classification Не е повреден само за читалня ползва се в читалня 762568 Регионална библиотека "Любен Каравелов" Русе Регионална библиотека "Любен Каравелов" Русе Краезнание 2020-04-17 Краезнание 1.00 2488/66 К 33/З-59 900000003837 0.51 Книги
  Не е изгубен Universal Decimal Classification Не е повреден само за читалня Специални фондове ( старопечатни, редки и ценни, фонд М. Арнаудов) 803643 Регионална библиотека "Любен Каравелов" Русе Регионална библиотека "Любен Каравелов" Русе Редки и ценни 2020-10-19 Редки и ценни 0.60 2525/66 Рб 896 900000036362 0.31 Книги
Vip Innovations Ltd, Rousse, Bulgaria 2025